Devinez la Capitale Mystère #36 - Statistiques

Statistiques générales
  • Ce quiz a été pris 174 fois
  • Le résultat moyen est 30 sur 35
Statistiques - réponses
Type de Réponse Réponse % Correct
Lettre de l'Alphabet A
100%
Lettre Trouvée N
99%
Lettre de l'Alphabet S
99%
Lettre Trouvée E
98%
Lettre Trouvée I
98%
Lettre Trouvée L
98%
Lettre de l'Alphabet O
98%
Lettre de l'Alphabet P
98%
Lettre de l'Alphabet R
98%
Lettre de l'Alphabet B
95%
Lettre de l'Alphabet T
93%
Lettre Trouvée D
92%
Lettre de l'Alphabet M
92%
Lettre Bien Placée E
91%
Lettre de l'Alphabet U
90%
Lettre de l'Alphabet C
88%
Lettre Trouvée H
88%
Lettre de l'Alphabet G
86%
Lettre de l'Alphabet K
86%
Lettre Trouvée W
85%
Lettre de l'Alphabet J
83%
Lettre de l'Alphabet V
82%
Lettre Bien Placée D
81%
Lettre de l'Alphabet Y
80%
Lettre Bien Placée E
79%
Lettre de l'Alphabet X
76%
Lettre de l'Alphabet Z
76%
Lettre Bien Placée I
75%
Lettre Bien Placée L
75%
Lettre Bien Placée N
73%
Lettre de l'Alphabet F
71%
Lettre de l'Alphabet Q
70%
Lettre Bien Placée H
69%
Capitale Mystère New Delhi
69%
Lettre Bien Placée W
69%
Aucun quiz correspondant
Distribution des résultats
% des personnes avec chaque résultat
Percentile par nombre de réponses
Votre historique - résultats
Vous n’avez pas pris ce quiz